| 000 | 00480pab a2200181 454500 | ||
|---|---|---|---|
| 008 | 180718b2013 xxu||||| |||| 00| 0 eng d | ||
| 100 | _aBurange, L G | ||
| 245 | _aMaharashtra's organised manufacturing sector: An appraisal | ||
| 260 | _c2013 | ||
| 300 | _ap.172-197. | ||
| 362 | _aJun | ||
| 650 | _aMaharashtra - Manufacturing industries | ||
| 650 | _aManufacturing industry | ||
| 700 | _aRanadive, Rucha R | ||
| 773 | _aArtha Vijnana | ||
| 908 | _aN | ||
| 909 | _a104100 | ||
| 999 |
_c104096 _d104096 |
||